{"text_format":"3","workbook":"xlsx","n_sheets":1,"sheets":["Предмет"],"not_rendered":{"defined_names":8},"read":"whole","date_system":"1900"}

{"sheet":"Предмет","index":0,"n_rows":53,"n_cols":13,"rows_kept":53}
["№","Фамилия","Имя","Отчество","Пол","Класс","Класс участия","Балл","Макс. Балл","Статус","Призер МЭ прошлого года","Учитель","Место работы учителя"]
[1,3,4,5,6,9,10,11,12,13,14,15,16]
[1,"Ангеловская","София","Михайловна","ж",11,11,28.5,100,"участник","нет","Кузавкова Лариса Владимировна","Муниципальное образовательное учреждение \"Профильный лицей №42\""]
[2,"Ветрюк","Василиса","Сергеевна","ж",11,11,24,100,"участник","нет","Кузавкова Лариса Владимировна","Муниципальное образовательное учреждение \"Профильный лицей №42\""]
[3,"Закирова","Регина","Равилевна","ж",11,11,18.5,100,"участник","нет","Кузавкова Лариса Владимировна","Муниципальное образовательное учреждение \"Профильный лицей №42\""]
[4,"Гайфутдинов","Эмир","Ленарович","м",11,11,18.5,100,"участник","нет","Кузавкова Лариса Владимировна","Муниципальное образовательное учреждение \"Профильный лицей №42\""]
[5,"Усманов","Кирилл","Антонович","м",11,11,21,100,"участник","нет","Кузавкова Лариса Владимировна","Муниципальное образовательное учреждение \"Профильный лицей №42\""]
[6,"Огородникова","Екатерина","Дмитриевна","ж",11,11,10.5,100,"участник","нет","Кузавкова Лариса Владимировна","Муниципальное образовательное учреждение \"Профильный лицей №42\""]
[7,"Нургалиева","Эвелина","Рустемовна","ж",11,11,10,100,"участник","нет","Кузавкова Лариса Владимировна","Муниципальное образовательное учреждение \"Профильный лицей №42\""]
[8,"Тренихин","Кирилл","Антонович","м",11,11,10,100,"участник","нет","Кузавкова Лариса Владимировна","Муниципальное образовательное учреждение \"Профильный лицей №42\""]
[9,"Хайруллина","Элина","Руслановна","ж",11,11,9.5,100,"участник","нет","Кузавкова Лариса Владимировна","Муниципальное образовательное учреждение \"Профильный лицей №42\""]
[10,"Башан","Лиана","Анатольевна","ж",11,11,12,100,"участник","нет","Кузавкова Лариса Владимировна","Муниципальное образовательное учреждение \"Профильный лицей №42\""]
[11,"Ситдиков","Дамир","Талгатович","м",11,11,43.5,100,"призер","нет","Кузавкова Лариса Владимировна","Муниципальное образовательное учреждение \"Профильный лицей №42\""]
[12,"Власова","Анастасия","Олеговна","ж",11,11,23,100,"участник","нет","Кузавкова Лариса Владимировна","Муниципальное образовательное учреждение \"Профильный лицей №42\""]
[13,"Каримов","Реналь","Рустемович","м",10,10,5.5,100,"участник","нет","Кузавкова Лариса Владимировна","Муниципальное образовательное учреждение \"Профильный лицей №42\""]
[14,"Зарипов","Артур","Эдуардович","м",10,10,17.5,100,"участник","нет","Кузавкова Лариса Владимировна","Муниципальное образовательное учреждение \"Профильный лицей №42\""]
[15,"Савин ","Артур","Николаевич","м",10,10,30,100,"участник","нет","Кузавкова Лариса Владимировна","Муниципальное образовательное учреждение \"Профильный лицей №42\""]
[16,"Бражников","Эмиль","Вячеславович","м",10,10,46.5,100,"призер","нет","Кузавкова Лариса Владимировна","Муниципальное образовательное учреждение \"Профильный лицей №42\""]
[17,"Бахишева ","Лидия","Руслановна","ж",10,10,5.5,100,"участник","нет","Кузавкова Лариса Владимировна","Муниципальное образовательное учреждение \"Профильный лицей №42\""]
[18,"Хайриева","Элина","Айратовна","ж",10,10,9.5,100,"участник","нет","Кузавкова Лариса Владимировна","Муниципальное образовательное учреждение \"Профильный лицей №42\""]
[19,"Зарипов","Артур","Эдуардович","м",10,10,17.5,100,"участник","нет","Кузавкова Лариса Владимировна","Муниципальное образовательное учреждение \"Профильный лицей №42\""]
[20,"Махмутов","Тимур","Русланович","м",10,10,18.5,100,"участник","нет","Кузавкова Лариса Владимировна","Муниципальное образовательное учреждение \"Профильный лицей №42\""]
[21,"Хайруллин","Амир","Ренатович","м",10,10,21,100,"участник","нет","Кузавкова Лариса Владимировна","Муниципальное образовательное учреждение \"Профильный лицей №42\""]
[22,"Глухих","Ярослав","Сергеевич","м",10,10,26,100,"участник","нет","Кузавкова Лариса Владимировна","Муниципальное образовательное учреждение \"Профильный лицей №42\""]
[23,"Хафизов","Артур","Флюсович","м",8,8,27.75,100,"участник","нет","Газизова Эльвира Илсуровна","Муниципальное образовательное учреждение \"Профильный лицей №42\""]
[24,"Гайсин","Тимур ","Рузалевич","м",8,8,15,100,"участник","нет","Газизова Эльвира Илсуровна","Муниципальное образовательное учреждение \"Профильный лицей №42\""]
[25,"Назиров ","Ранэль ","Ришатович","м",8,8,15,100,"участник","нет","Газизова Эльвира Илсуровна","Муниципальное образовательное учреждение \"Профильный лицей №42\""]
[26,"Упаев ","Рамил ","Ренатович","м",8,8,16.5,100,"участник","нет","Газизова Эльвира Илсуровна","Муниципальное образовательное учреждение \"Профильный лицей №42\""]
[27,"Харисова ","Диана ","Динаровна","ж",8,8,20.75,100,"участник","нет","Газизова Эльвира Илсуровна","Муниципальное образовательное учреждение \"Профильный лицей №42\""]
[28,"Минвалеева ","Ивилина ","Ренатовна","ж",8,8,21.25,100,"участник","нет","Газизова Эльвира Илсуровна","Муниципальное образовательное учреждение \"Профильный лицей №42\""]
[29,"Авхадиев ","Тимур ","Ильдарович","м",8,8,18.5,100,"участник","нет","Газизова Эльвира Илсуровна","Муниципальное образовательное учреждение \"Профильный лицей №42\""]
[30,"Айнетдинов ","Ярослав ","Русланович","м",8,8,15,100,"участник","нет","Газизова Эльвира Илсуровна","Муниципальное образовательное учреждение \"Профильный лицей №42\""]
[31,"Кузнецов ","Марк ","Эдуардович","м",8,8,17.25,100,"участник","нет","Газизова Эльвира Илсуровна","Муниципальное образовательное учреждение \"Профильный лицей №42\""]
[32,"Кириллова ","Виктория ","Дмитриевна","ж",8,8,9,100,"участник","нет","Газизова Эльвира Илсуровна","Муниципальное образовательное учреждение \"Профильный лицей №42\""]
[33,"Акрамов ","Азамат ","Ренатович","м",8,8,32.25,100,"участник","нет","Газизова Эльвира Илсуровна","Муниципальное образовательное учреждение \"Профильный лицей №42\""]
[34,"Бегишев ","Роман ","Александрович","м",8,8,25.75,100,"участник","нет","Газизова Эльвира Илсуровна","Муниципальное образовательное учреждение \"Профильный лицей №42\""]
[35,"Табаков ","Захар ","Олегович","м",8,8,37,100,"участник","нет","Газизова Эльвира Илсуровна","Муниципальное образовательное учреждение \"Профильный лицей №42\""]
[36,"Сиранов ","Марат ","Рустамович","м",8,8,39.75,100,"участник","нет","Газизова Эльвира Илсуровна","Муниципальное образовательное учреждение \"Профильный лицей №42\""]
[37,"Нуриев ","Тимур ","Альбертович","м",8,8,21.25,100,"участник","нет","Газизова Эльвира Илсуровна","Муниципальное образовательное учреждение \"Профильный лицей №42\""]
[38,"Шайхутдинов ","Тимур ","Эльвирович","м",8,8,29,100,"участник","нет","Газизова Эльвира Илсуровна","Муниципальное образовательное учреждение \"Профильный лицей №42\""]
[39,"Нурхаметов ","Эмиль ","Радикович","м",8,8,42.75,100,"участник","нет","Газизова Эльвира Илсуровна","Муниципальное образовательное учреждение \"Профильный лицей №42\""]
[40,"Баринов ","Дементий ","Алексеевич","м",8,8,37.5,100,"участник","нет","Газизова Эльвира Илсуровна","Муниципальное образовательное учреждение \"Профильный лицей №42\""]
[41,"Лукманов ","Карим ","Ильнурович","м",9,9,19.25,100,"участник","нет","Газизова Эльвира Илсуровна","Муниципальное образовательное учреждение \"Профильный лицей №42\""]
[42,"Мустафин ","Дамир ","Русланович","м",9,9,22.5,100,"участник","нет","Газизова Эльвира Илсуровна","Муниципальное образовательное учреждение \"Профильный лицей №42\""]
[43,"Мустафин ","Динар ","Русланович","м",9,9,24.25,100,"участник","нет","Газизова Эльвира Илсуровна","Муниципальное образовательное учреждение \"Профильный лицей №42\""]
[44,"Гизатуллин ","Рафаэль ","Ильшатович","м",9,9,24.25,100,"участник","нет","Газизова Эльвира Илсуровна","Муниципальное образовательное учреждение \"Профильный лицей №42\""]
[45,"Галиева","Амиля","Айратовна","ж",6,6,11,80,"участник","нет","Крючкова Ольга Михайловна","Муниципальное образовательное учреждение \"Профильный лицей №42\""]
[46,"Мансуров","Самир","Валерьевич","м",6,6,8,80,"участник","нет","Крючкова Ольга Михайловна","Муниципальное образовательное учреждение \"Профильный лицей №42\""]
[47,"Киямов","Карим","Маратович","м",6,6,20,80,"участник","нет","Крючкова Ольга Михайловна","Муниципальное образовательное учреждение \"Профильный лицей №42\""]
[48,"Газетдинова","Ясмина","Ильшатовна","ж",5,5,12.75,80,"участник","нет","Сафиуллин Айдар Маратович","Муниципальное образовательное учреждение \"Профильный лицей №42\""]
[49,"Заляев","Дамир","Азатович","м",5,5,13.75,80,"участник","нет","Сафиуллин Айдар Маратович","Муниципальное образовательное учреждение \"Профильный лицей №42\""]
[50,"Страхова","Алина","Денисовна","ж",5,5,8.5,80,"участник","нет","Сафиуллин Айдар Маратович","Муниципальное образовательное учреждение \"Профильный лицей №42\""]
[51,"Мухаметдинова","Ралина","Айнуровна","ж",5,5,9.25,80,"участник","нет","Сафиуллин Айдар Маратович","Муниципальное образовательное учреждение \"Профильный лицей №42\""]